000 00486nam a2200181Ia 4500
005 20250508153309.0
008 008 250505s9999 xx 000 0 fre d
037 _aBooks to be hide in OPAC
040 _aFEDL
_beng
_cFEDL
041 _afre
_2eng
084 _a370.62, ROU/O
_qFEDL
100 _aRousseau Waldeck
_9763639
245 0 _aAssociations et congregations
260 _c1901
300 _a452p.
942 _cHB
_h370.62, ROU/O
999 _c1341826
_d1341826